00498nam a2200169 4500003001100000005001700011008004100028040003900069041000800108082001300116245003200129260003800161650002000199942000700219952008700226999001500313LK-CoMWRAF20231115150306.0230908b1972 |||||||| |||| 00| 0 eng d aLK-CoMWRAFdLK-CoMWRAFeLK-CoMWRAF aeng a428bRAD aRadiant reading :bBook two aNew Delhi :bSunil Sachdev,c1972 aEnglish Reading cBK 00104070aMAINbMAINd2023-09-08l0o428 RADpRAF922r2023-09-08w2023-09-08yBK c3469d3469